Guess the NFL team by current players - Statistics

General Stats
  • This quiz has been taken 1,064 times
    1,026 since last reset
  • The average score is 27 of 32
Answer Stats
Hint Answer % Correct
Nick Chubb Browns
94%
Justin Tucker Ravens
94%
Cooper Kupp Rams
93%
Matt Ryan Falcons
92%
Joe Mixon Bengals
91%
Nick Bosa 49ers
90%
Austin Ekeler Chargers
90%
Quenton Nelson Colts
90%
Darren Waller Raiders
90%
Dalvin Cook Vikings
90%
Amari Cooper Cowboys
89%
Miles Sanders Eagles
88%
Allen Lazard Packers
88%
Tyler Lockett Seahawks
88%
Darnell Mooney Bears
87%
Cole Beasley Bills
87%
D'Andre Swift Lions
87%
Tyrann Mathieu Chiefs
86%
Xavien Howard Dolphins
84%
Marshon Lattimore Saints
83%
Brandin Cooks Texans
83%
Chandler Jones Cardinals
82%
CJ Mosley Jets
82%
Kenny Golladay Giants
81%
Justin Simmons Broncos
80%
Antonio Gibson Commanders
78%
Dont'a Hightower Patriots
78%
James Robinson Jaguars
75%
Joe Haden Steelers
75%
Derrick Brown Panthers
71%
Devon White Buccaneers
68%
Janoris Jenkins Titans
61%
No matching quizzes found
Score Distribution
Percent of People with Each Score
Percentile by Number Answered
Your Score History
You have not taken this quiz since the last reset